| 000 -LEADER |
| fixed length control field |
01494pab a2200193 454500 |
| 008 - FIXED-LENGTH DATA ELEMENTS--GENERAL INFORMATION |
| fixed length control field |
180718b2013 xxu||||| |||| 00| 0 eng d |
| 100 ## - MAIN ENTRY--PERSONAL NAME |
| Personal name |
Rardhasaradhi, Y. |
| 245 ## - TITLE STATEMENT |
| Title |
Ethical governance and society: Information technology as a new transparency paradigm |
| 260 ## - PUBLICATION, DISTRIBUTION, ETC. |
| Date of publication, distribution, etc. |
2013 |
| 300 ## - PHYSICAL DESCRIPTION |
| Extent |
p.595-603. |
| 362 ## - DATES OF PUBLICATION AND/OR SEQUENTIAL DESIGNATION |
| Dates of publication and/or sequential designation |
Jul-Sep |
| 520 ## - SUMMARY, ETC. |
| Summary, etc. |
The paradigm shift in governance is intricately linked with the spread of globalisation that swept through the 1990s and consolidated its philosophy by the beginning of the new millennium. The transformation, albeit, began with the New Public Management (NPM) movement that caught the imagination of the Western Europe, Canada, the United States, Australia, New Zealand and South Korea. India, too, began to follow the NPM norms, though on a slower note. Globalisation brought in its wake the ever evolving information and communication technologies to the doorsteps of developing world countries and the process of modernising the administrative systems in conformity with the global standards began in earnest. However, conditions have not been that conducive in the developing world, including India, to move from administration to governance on account of parochialism, localisation, authoritarian systems and over all, political culture. - Reproduced. |
| 650 ## - SUBJECT ADDED ENTRY--TOPICAL TERM |
| Topical term or geographic name entry element |
Information technology |
| 650 ## - SUBJECT ADDED ENTRY--TOPICAL TERM |
| Topical term or geographic name entry element |
Social system |
| 650 ## - SUBJECT ADDED ENTRY--TOPICAL TERM |
| Topical term or geographic name entry element |
Public administration |
| 773 ## - HOST ITEM ENTRY |
| Main entry heading |
Indian Journal of Public Administration |
| 908 ## - PUT COMMAND PARAMETER (RLIN) |
| Put command parameter |
N |
| 909 ## - |
| -- |
101050 |